| 000 | 00421nam a22001697a 4500 | ||
|---|---|---|---|
| 003 | MPLRDC | ||
| 005 | 20220104175218.0 | ||
| 008 | 210129b ||||| |||| 00| 0 eng d | ||
| 082 | _a524.9663 PEE 1973-1980 | ||
| 100 | _a不详 | ||
| 245 |
_aFIZIK MODEN DENGAN CONTOH JAWAPAN _c |
||
| 250 | _a第二版 | ||
| 260 |
_a _bPELANGI EDUCATIONS E _c1980 |
||
| 300 | _b平 | ||
| 650 | _a | ||
| 942 |
_cBK _o524.9663 PEE 1973-1980 |
||
| 999 |
_c60260 _d60250 |
||